000 00330nam a22001457a 4500
003 OSt
005 20211223090947.0
008 211223b |||||||| |||| 00| 0 eng d
020 _a1588801063
040 _cHU
082 _a004.36HAR2001
100 _aHaralson
_924460
245 _aThe Server+ Cram Sheet
942 _2ddc
_cBOOKS
_n0
999 _c23580
_d23580